The Greatness Guide 2 (Record no. 2451)

MARC details
000 -LEADER
fixed length control field 00419nam a22001697a 4500
005 - DATE AND TIME OF LATEST TRANSACTION
control field 20160613094104.0
008 - FIXED-LENGTH DATA ELEMENTS--GENERAL INFORMATION
fixed length control field 160613b xxu||||| |||| 00| 0 eng d
020 ## - INTERNATIONAL STANDARD BOOK NUMBER
ISBN 978-81-7992-814-1
041 ## - LANGUAGE CODE
Language code of text/sound track or separate title eng
082 ## - DEWEY DECIMAL CLASSIFICATION NUMBER
Item number 7017
100 ## - MAIN ENTRY--AUTHOR NAME
Personal name Sharma, Robin
245 ## - TITLE STATEMENT
Title The Greatness Guide 2
260 ## - PUBLICATION, DISTRIBUTION, ETC. (IMPRINT)
Place of publication Ahmedabad
Name of publisher Jaico Books Publishing House,
Year of publication 2008
300 ## - PHYSICAL DESCRIPTION
Number of Pages 203
650 ## - SUBJECT ADDED ENTRY--TOPICAL TERM
Topical Term Management
942 ## - ADDED ENTRY ELEMENTS (KOHA)
Koha item type Books
Holdings
Lost status Damaged status Collection code Home library Current library Shelving location Date acquired Cost, normal purchase price Full call number Accession Number Koha item type
    LIFE SKILL JRU Library JRU Library SHELF-101-A 13/06/2016 195.00 158.1 7017 Books
    LIFE SKILL JRU Library JRU Library SHELF-101-A 13/06/2016 195.00 158.1 7018 Books
    LIFE SKILL JRU Library JRU Library SHELF-101-A 13/06/2016 195.00 158.1 7019 Books
      JRU Library JRU Library SHELF-102-J 13/06/2016 195.00 158.1 7020 Books
    LIFE SKILL JRU Library JRU Library SHELF-102-J 13/06/2016 195.00 158.1 7021 Books
    LIFE SKILL JRU Library JRU Library SHELF-101-A 13/06/2016 195.00 158.1 7022 Books